|
|
|
|
| LEADER |
00000naa a2200000 i 4500 |
| 001 |
publ2608 |
| 005 |
20260130113338.0 |
| 008 |
260130s2025 hu o 000 zxx d |
| 020 |
|
|
|a 978-615-6886-22-4
|
| 024 |
|
|
|a 10.29180/978-615-6886-22-4_14
|2 doi
|
| 040 |
|
|
|a BGE Publikációtár Repozitórium
|b hun
|
| 100 |
1 |
|
|a Tóth Gábor
|
| 245 |
1 |
2 |
|a A tudomány szerepe a könyvvizsgálat és a közjó szolgálatában. A múlt tanulságai, jelenkori kihívások, jövőbeli kutatási irányok
|c Tóth Gábor
|h [elektronikus dokumentum]
|
| 260 |
|
|
|a Budapesti Gazdaságtudományi Egyetem
|b Budapest
|c 2025
|
| 300 |
|
|
|a 1-10
|
| 490 |
0 |
|
|a II. Dr. Sztanó Imre Emlékkonferencia
|
| 520 |
3 |
|
|a A tanulmány a könyvvizsgálat és a tudomány kapcsolatát vizsgálja, különös tekintettel arra, hogyan járulhat hozzá a tudomány a könyvvizsgálat megújulásához és a közjó szolgálatához. A gyors technológiai fejlődés – például a mesterséges intelligencia és az automatizált audit-eszközök megjelenése –, az ESG-elvárások térnyerése, valamint a gazdasági és geopolitikai bizonytalanságok új kihívásokat jelentenek a könyvvizsgálat számára. A hagyományos válaszok már nem elegendőek: új kérdésekre tudományosan megalapozott, rendszerszintű válaszokra van szükség. A tanulmány három szakaszra osztható: először a múlt tanulságait tekinti át a könyvvizsgálat tudományos fejlődése szempontjából; másodszor a jelen kihívásait elemzi, bemutatva a tudomány naprakész és releváns válaszait; végül jövőbeli kutatási irányokat vázol fel, amelyek a szakma társadalmi szerepvállalását is erősíthetik. A cél, hogy a tudomány ne csak követője, hanem alakítója legyen a könyvvizsgálat fejlődésének.
|
| 650 |
|
4 |
|a közgazdaságtudományok
|
| 856 |
4 |
0 |
|u https://publikaciotar.uni-bge.hu/id/eprint/2608/1/Dr.%20Sztan%C3%B3%20Imre%20Elml%C3%A9kkonferencia_konferenciak%C3%B6tet_14.pdf
|z Dokumentum-elérés
|